Ocupa Wall Street: entrevista a Manolo Santos /

Gorde:
Xehetasun bibliografikoak
Egile nagusia: Suárez, Joel
Beste egile batzuk: Fernández, Miriela
Formatua: Texto
Etiketak: Etiketa erantsi
Etiketarik gabe, Izan zaitez lehena erregistro honi etiketa jartzen!

MARC

LEADER 00000 a a2200000 04500
001 45860
003
040
100 |a Suárez, Joel  
245 |a Ocupa Wall Street:   |b entrevista a Manolo Santos /  |c Joel Suárez, Miriela Fernández  
700 |a Fernández, Miriela  
773 |g número65 (2012), páginas 34-44  
999 |c 20553  |d 20553